| 000 | 00452nam a2200193Ia 4500 | ||
|---|---|---|---|
| 008 | 210210b1956 xxu||||| |||| 00| 0 eng d | ||
| 041 | _aeng | ||
| 082 | _a370/23 | ||
| 100 | _aINDIA (Government of) | ||
| 245 | _aEducation in the states 1954-55 | ||
| 260 |
_aDelhi _bManager of Publications _c1956 |
||
| 650 | _athe | ||
| 650 | _astates | ||
| 650 | _ain | ||
| 650 | _aEducation | ||
| 650 | _a1954-55 | ||
| 690 | _aEducation | ||
| 906 | _a004963 | ||
| 999 |
_c128627 _d128627 |
||